National Accounts of OECD Countries Financial Balance Sheets 2010-2017
Na minha lista:
| Formato: | Livro |
|---|---|
| Idioma: | inglês |
| Publicado em: |
Paris
OECD
2018
|
| Assuntos: | |
| Tags: |
Sem tags, seja o primeiro a adicionar uma tag!
|
MARC
| LEADER | 00000nam a2200000 4500 | ||
|---|---|---|---|
| 001 | 0257585 | ||
| 005 | 20240422072352.0 | ||
| 020 | |a 978-92-64-30864-0 | ||
| 020 | |a 978-92-64-30865-7 | ||
| 022 | |a 2221-4453 | ||
| 041 | 0 | |a eng | |
| 044 | |a FR | ||
| 245 | 1 | 0 | |a National Accounts of OECD Countries |b Financial Balance Sheets 2010-2017 |
| 264 | 1 | |a Paris |b OECD |c 2018 | |
| 300 | |a 352 s. | ||
| 610 | 2 | 0 | |a účty národné |
| 610 | 2 | 0 | |a účtovníctvo národné |
| 610 | 2 | 0 | |a účty finančné |
| 610 | 2 | 0 | |a bilancia finančná |
| 610 | 2 | 0 | |a hospodárstvo národné |
| 610 | 2 | 0 | |a organizácie finančné |
| 610 | 2 | 0 | |a organizácie nefinančné |
| 610 | 2 | 0 | |a domácnosti |